LEADER 01105nam a2200193 i 4500 001 000000250369 003 CaOOAMICUS 005 20160801000000.0 008 160801s1730 xx u000 u lat u 013 $a229274 026 $ai-s- e-89 e-es tufi (3) 1730 (R) 040 $aSeMil$bita 245 10$aTomus 5. Saeculum quintum, sextum, septimum, et octavum continens. 300 $a[12], 835, [1] p. 500 $aSegn. : *6 A-3E8 3F10. 773 0 $aAlexandre, Noël <1639-1724>$tR.P. Natalis Alexandri ... Historia ecclesiastica Veteris Novique Testamenti ab orbe condito ad annum Domini 1600. Et in loca ejusdem insignia dissertationes historicae, chronologicae, criticae, dogmaticae. In octo divisa tomos. Rebus novis, scholiis, et indicibus locupletibus aucta, illustrata, ornata et a mendis expurgata. Tomus 1. [-8.].$dParisiis : Sumptibus Silvani De Grasortis, 1730.$g5$w()14516 850 $aSeMil 852 $aSeMil$W1$xVenegono$y1$m3B VIII 5 FA$j200715$B200715$CSeMilBibl$Z2$F212406 $8I 996 $6245$aTomus 5. Saeculum quintum, sextum, septimum, et octavum continens$9(OLS)http://semarc/title/352606 LEADER 01265nam a2200265 i 4500 001 000000044758 003 CaOOAMICUS 005 20091023000000.0 008 091023s1955 it u000 u ita u 013 $a15928 040 $aSeMil$bita 100 1 $aPrümm, Karl,$c.$0(OLS)http://semarc/name/9580 240 10$aChristentum als Neuheitserlebnis.$0(OLS)http://semarc/title/66323 245 13$aIl cristianesimo come novità di vita :$bil cristianesimo di fronte al mondo pagano /$cKarl Prümm ; edizione italiana a cura di Piero Rossano. 260 $aBrescia :$bMorcelliana,$c1955. 300 $a375 p. ;$c23 cm. 650 4$aCristianesimo e paganesimo.$0(OLS)http://semarc/subject/3361 650 4$aCristianesimo - Rapporti [con l'] Impero Romano.$0(OLS)http://semarc/subject/6030 700 1 $aRossano, Piero,$c.$0(OLS)http://semarc/name/4098 850 $aSeMil 852 $aSeMil$W1$xVenegono$y1$m2B IV 301$j10913$B10913$CSeMilBibl$Z2$F10913 $81 900 1 $aRossano, Pietro. 996 $6245$aIl cristianesimo come novità di vita :$bil cristianesimo di fronte al mondo pagano$9(OLS)http://semarc/title/66322 996 $6260$aBrescia :$bMorcelliana$9(OLS)http://semarc/publisher/29629